| 000 | 00388cam a2200145ua 4500 | ||
|---|---|---|---|
| 041 |
_aeng _h |
||
| 082 |
_a828.09 _bJAM/RO |
||
| 100 | _aJames , D G . | ||
| 245 |
_aRomantic comedy: An essay on English romantic comedy / _cD G James. _hTextual Documents |
||
| 260 |
_aLondon : _bOxford University Press , _c1963. |
||
| 300 | _a275 ; . | ||
| 504 | _a | ||
| 942 | _cBK | ||
| 999 |
_c3989 _d3989 |
||